1993 1073 1267 1390 1795 2000 1687 1904 1649 1180 1724 1261 1942 1652 1190 1326 1574 1055 1872 1614 1570 1338 1898 1720 1451 1879 1187 1950 1541 1105 1933 1915 1832 1349 1415 1368 1577 1242 1948 1021 1862 1575 1039 1178 1125 1311 1716 1565 1196 1249 1878 1596 1323 1929 1800 1671 1850 1711 1769 1468 1172 1952 1006 1435 1431 1815 1302 1763 1249 1898 1640 1710 1814 1378 1309 1477 1627 1369 1947 1837 1489 1687 1062 1417 1139 1360 1883 1269 1491 1279 1495 1280 1185 1755 1453 1509 1243 1733 1645 BCNSPRNW ULIB Ver.6.0+V

เปลี่ยนเป็นภาษาไทย

Change to English
 แสดงรายละเอียดบรรณานุกรม
  กลับหน้าหลัก

Brief Record : Get Marc (ISO 2709) : E-mail record : QR code < ปิดหน้าต่าง
LEADER : 00000nam 2200000uu 4500
001    13399113502
003     ULIB
008    111122s2552||||th 000 0 tha d
020    ^a9786115200115
090    ^aนว^bพ661ป 2552
100 0  ^aพิณณ์อวี
245 10 ^aปราการรัก แห่งผืนทราย /^cพิณณ์อวี
260    ^aกรุงเทพฯ :^b1168,^c2552
300    ^a256 หน้า ;^c21 ซม.
945    ^p169^l0^i15945
995    ^aกัณชพร
999    ^aใช้งานได้ทุกระบบ
รายการนี้ยังไม่มีแท็ก
คุณยังไม่ได้ล็อกอิน คุณสามารถมีกิจกรรมร่วมกับเว็บไซต์ได้ แต่ต้องล็อกอินก่อน ::
  ล็อกอิน

รายการสื่อสารสนเทศ

ลำดับที่ ประเภท เลขเรียก/บาร์โค้ด สถานที่ สถานะ
1. วิทยาศาสตร์การแพทย์ และสุขภาพ
วิทยาศาสตร์การแพทย์ และสุขภาพ
นว พ661ป 2552  
  Barcode: 15945
ห้องสมุดวิทยาเขตสวรรค์ประชารักษ์
►นวนิยาย
บนชั้น
  ขอยืม

BibComment


ยังไม่เคยถูกคอมเมนท์

คอมเมนท์ทรัพยากรรายการนี้
  คอมเมนท์: ปราการรัก แห่งผื..


 Copyright 2026. Bcnsprnw @Library